Barokové divadlo

Bibliographic Details
Main Author: Zavarský, Ján, 1948-2022 (Author)
Format: Article
Language:Slovak

MARC

LEADER 00000nab a2200000ua 4500
001 vtls010770504
003 SK-MaSNL
005 20260303104900.0
008 230121s1974 xo |||||||||||||||||slo|
035 |a (urnnbn)urn:nbn:sk:snk:ar-a00lpc 
035 |a (uuid)d732557a-631d-402a-bd2c-fc8362a4160e 
035 |a urn:nbn:sk:snk-ab4a7a 
040 |a SNKBUCL  |b slo  |c SNKBUCL  |e AACR2 
041 0 |a slo 
044 |a xo  |c SK 
100 1 |a Zavarský, Ján,  |d 1948-2022  |4 aut  |9 15024 
245 1 0 |a Barokové divadlo  |c Ján Zavarský 
773 0 |t Javisko  |g Roč. 6, č. 5 (1974), s. 138-[139] 
954 |a odborná, vedecká literatúra pôvodná (slovenská)  |2 lita 
958 |a OND 
958 |a EUIPO 
958 |a article3 
999 |c 1859721  |d 1861651